Animaux par lettre - F - Statistiques

Statistiques générales
  • Ce quiz a été pris 57 fois
  • Le résultat moyen est 10 sur 15
Statistiques - réponses
Questions Réponses % Correct
Quel oiseau se nourrissant de poissons est également une pièce se déplaçant en diagonale aux échecs ? Fou
98%
Quel insecte, vivant parfois à plus d'un million dans leurs habitations, est associé à la cigale dans une fable de La Fontaine ? Fourmi
98%
Quel carnivore des mustélidés fait l'objet d'une chanson enfantine qui court, qui court ? Furet
90%
Quel animal désigne le juvénile de toutes les espèces de cervidés ? Faon
88%
Quel oiseau est l'animal pouvant atteindre la plus haute pointe de vitesse dans les airs ? Faucon
88%
Quel insecte au gros abdomen peut être géant, européen ou asiatique ? Frelon
86%
Quel oiseau, demeurant un gibier réputé est également en argot un escroc ? Faisan
84%
Quel oiseau se nourrissant de crevettes obtient sa couleur unique par son alimentation ? Flamant Rose
80%
Quel mustélidé se nourrissant de petits mammifères est également le nom d'un rappeur français ? Fouine
76%
Quel animal, également appelé tamanoir, se nourrit presque exclusivement de l'animal ci-dessus ? Fourmilier
73%
Quel oiseau de mer pouvant avoir une envergure de plus de 2m est l'homonyme d'un bateau de guerre ? Frégate
45%
Quel poisson vivant dans l'Atlantique Nord est également appelé "Turbot" ? Flétan
37%
Quel acarien, n'étant pas une araignée, désigne également une machine agricole servant à faucher ? Faucheur
24%
Quel oiseau est reconnaissable à sa tête noire pour les mâles et à sa tête brune pour les femelles ? Fauvette
14%
Quelle espèce de serpent a donné son nom a une expression signifiant "être l'instigateur d'un projet" ? Fer de lance
2%
Aucun quiz correspondant
Distribution des résultats
% des personnes avec chaque résultat
Percentile par nombre de réponses
Votre historique - résultats
Vous n’avez pas pris ce quiz